| 000 | 00492nam a2200157 i 4500 | ||
|---|---|---|---|
| 001 | 82927 | ||
| 003 | ES-MaACL | ||
| 005 | 20230906174743.0 | ||
| 007 | t| | ||
| 008 | 041112s1976 sp ||||1| spa d | ||
| 245 | 0 | 0 |
_aAnálisis y proyección de los recursos humanos en Galicia / _cInstituto Nacional de Estadística. |
| 260 |
_aMadrid : _b[s.n., _c1976] |
||
| 300 |
_a381 p. ; _c29 cm. |
||
| 710 | 2 |
_aInstituto Nacional de Estadística (España) _95162 |
|
| 852 |
_aES-MaACL _jA-5868 _bR.94697 |
||
| 999 |
_c82927 _d82927 |
||